[Event "LLHH 2122 SV Diagonale Harburg - TV Fis"]
[Site "?"]
[Date "2021.10.31"]
[Round "1.1"]
[White "Serrer, Christoph"]
[Black "Fries-Nielsen, Niels Jorgen"]
[Result "1/2-1/2"]
[WhiteElo "2280"]
[BlackElo "2296"]
[PlyCount "22"]
[EventDate "2021.??.??"]

1. Nf3 Nf6 2. c4 e6 3. Nc3 Bb4 4. Qc2 O-O 5. a3 Bxc3 6. Qxc3 b6 7. g3 Bb7 8.
Bg2 d6 9. O-O Nbd7 10. d3 c5 11. b4 Rc8 1/2-1/2

[Event "LLHH 2122 SV Diagonale Harburg - TV Fis"]
[Site "?"]
[Date "2021.10.31"]
[Round "1.2"]
[White "Wasmuth, Matthias"]
[Black "de Voogt, Juergen"]
[Result "1/2-1/2"]
[WhiteElo "2152"]
[BlackElo "2235"]
[PlyCount "33"]
[EventDate "2021.??.??"]

1. d4 g6 2. Nf3 Bg7 3. e3 d6 4. b3 Nc6 5. Bb2 Bg4 6. Be2 e5 7. O-O Qe7 8. Nxe5
Bxe2 9. Nxc6 Bxd1 10. Nxe7 Bxc2 11. Nd5 Rc8 12. Rc1 Bxb1 13. Raxb1 Kd7 14. Rc2
c6 15. Rbc1 Nf6 16. Nb4 Rhe8 17. Nd3 1/2-1/2

[Event "LLHH 2122 SV Diagonale Harburg - TV Fis"]
[Site "?"]
[Date "2021.10.31"]
[Round "1.3"]
[White "Kneip, Jakob"]
[Black "Becker, Martin"]
[Result "1-0"]
[WhiteElo "2100"]
[BlackElo "1921"]
[PlyCount "57"]
[EventDate "2021.??.??"]

1. e4 c5 2. Nf3 Nc6 3. d4 cxd4 4. Nxd4 Nf6 5. Nc3 e5 6. Ndb5 d6 7. Bg5 a6 8.
Na3 b5 9. Nd5 Be6 10. Bxf6 gxf6 11. c3 Bg7 12. Bd3 f5 13. Nxb5 axb5 14. Bxb5
Rc8 15. Qa4 Bd7 16. exf5 O-O 17. Qe4 Nb8 18. f6 Bxf6 19. Nxf6+ Qxf6 20. Bxd7
Nxd7 21. Qg4+ Qg6 22. Qxd7 Qe4+ 23. Kf1 Qd3+ 24. Kg1 Rc4 25. h4 Qd2 26. Rh3 Rf4
27. Rg3+ Kh8 28. Qe7 Rb8 29. Qg5 1-0

[Event "LLHH 2122 SV Diagonale Harburg - TV Fis"]
[Site "?"]
[Date "2021.10.31"]
[Round "1.4"]
[White "Holst, Marten"]
[Black "Brandt, Carina"]
[Result "0-1"]
[WhiteElo "1924"]
[BlackElo "2066"]
[PlyCount "64"]
[EventDate "2021.??.??"]

1. b3 Nf6 2. Bb2 c5 3. c4 Nc6 4. g3 g6 5. Bg2 Bg7 6. Nc3 O-O 7. e3 e5 8. Nge2
d6 9. O-O Ne8 10. f4 Nc7 11. Nd5 Bg4 12. h3 Be6 13. Nec3 Rb8 14. Kh2 Nb4 15.
Nxc7 Qxc7 16. d3 Qd7 17. a3 Nc6 18. Nd5 exf4 19. Nf6+ Bxf6 20. Bxf6 fxg3+ 21.
Kxg3 d5 22. Qd2 dxc4 23. bxc4 Qd6+ 24. Kh4 Bf5 25. Rxf5 gxf5 26. Qb2 Ne7 27.
Rg1 Ng6+ 28. Kh5 Rfe8 29. e4 Re6 30. e5 Qd4 31. Qc1 Rxf6 32. exf6 Qh4# 0-1

[Event "LLHH 2122 SV Diagonale Harburg - TV Fis"]
[Site "?"]
[Date "2021.10.31"]
[Round "1.5"]
[White "Schermer, Denis"]
[Black "Syed, Tareq"]
[Result "0-1"]
[WhiteElo "2017"]
[BlackElo "1974"]
[PlyCount "92"]
[EventDate "2021.??.??"]

1. d4 d6 2. Nf3 Nf6 3. c4 Nbd7 4. Nc3 e5 5. g3 c6 6. d5 Be7 7. Bg2 O-O 8. O-O
Ne8 9. e4 g6 10. Ne1 c5 11. Nd3 Ng7 12. f4 Bf6 13. Qc2 a6 14. a4 exf4 15. gxf4
Bd4+ 16. Kh1 f5 17. Bd2 Qh4 18. Be1 Qh6 19. Bf2 Nf6 20. e5 Ng4 21. h3 dxe5 22.
fxe5 f4 23. Bxd4 cxd4 24. Nd1 f3 25. Rxf3 Rxf3 26. Qe2 Rxd3 27. Qxd3 Nxe5 28.
Qxd4 Qh5 29. Nf2 Nf3 30. Qf4 Nh4 31. Re1 Nxg2 32. Kxg2 Bf5 33. Re5 Rf8 34. Qe3
Qh4 35. b3 Nh5 36. d6 Nf4+ 37. Kh2 Bxh3 38. Nxh3 Nxh3 39. Re8 Nf4+ 40. Kg1 Qg4+
41. Kf1 Qg2+ 42. Ke1 Nd3+ 43. Kd1 Nf2+ 44. Kc1 Qf1+ 45. Kc2 Qd1+ 46. Kc3 Qxd6
0-1

[Event "LLHH 2122 SV Diagonale Harburg - TV Fis"]
[Site "?"]
[Date "2021.10.31"]
[Round "1.6"]
[White "Haschimi, Haschem"]
[Black "Rolf, Marco"]
[Result "0-1"]
[WhiteElo "1866"]
[BlackElo "2052"]
[PlyCount "74"]
[EventDate "2021.??.??"]

1. e4 e6 2. d4 d5 3. e5 c5 4. Nf3 Nc6 5. Bb5 Qb6 6. Bxc6+ bxc6 7. c3 Ba6 8. Qc2
Rc8 9. dxc5 Bxc5 10. b4 Be7 11. Be3 c5 12. Na3 d4 13. Qa4+ Kf8 14. cxd4 cxd4
15. Bd2 Nh6 16. b5 Bb7 17. Nc4 Qc5 18. Nd6 Bxf3 19. O-O Qxe5 20. Nc4 Rxc4 21.
Qxc4 Bd6 22. g3 Ke7 23. Bf4 Qd5 24. Bxd6+ Qxd6 25. Qd3 Bb7 26. Rae1 Ng4 27. Qe2
Qd5 28. f3 d3 29. Qb2 Qc5+ 30. Kh1 Rd8 31. Rc1 Qd6 32. Qxg7 d2 33. Qg5+ Nf6 34.
Rcd1 Qd3 35. Qc5+ Ke8 36. Kg2 Qe2+ 37. Qf2 Bxf3+ 0-1

[Event "LLHH 2122 FC St. Pauli III - FC St. Pau"]
[Site "?"]
[Date "2021.10.31"]
[Round "1.1"]
[White "Trisic, Aleksandar"]
[Black "Kahlert, Thomas"]
[Result "1-0"]
[WhiteElo "2343"]
[BlackElo "2158"]
[PlyCount "45"]
[EventDate "2021.??.??"]

1. d4 Nf6 2. c4 g6 3. h4 c5 4. d5 e5 5. Nc3 d6 6. e4 Bg7 7. Be2 h5 8. Bg5 Qa5
9. Qd2 Bd7 10. a4 Na6 11. Nh3 Nb4 12. O-O a6 13. f4 Ng4 14. f5 gxf5 15. exf5 f6
16. Ne4 Ke7 17. Bxg4 hxg4 18. Bxf6+ Bxf6 19. Nxf6 gxh3 20. Qg5 Be8 21. Ne4+ Kf8
22. Qf6+ Kg8 23. Ra3 1-0

[Event "LLHH 2122 FC St. Pauli III - FC St. Pau"]
[Site "?"]
[Date "2021.10.31"]
[Round "1.2"]
[White "Wronn, Bernd"]
[Black "Stenner, Patrick"]
[Result "0-1"]
[WhiteElo "2167"]
[BlackElo "2256"]
[PlyCount "48"]
[EventDate "2021.??.??"]

1. e4 c6 2. d4 d5 3. e5 c5 4. dxc5 e6 5. Be3 Nd7 6. Bb5 Ne7 7. Nf3 Nc6 8. Bxc6
bxc6 9. b4 a5 10. c3 Ba6 11. a4 Qb8 12. Nbd2 axb4 13. Rb1 Bxc5 14. cxb4 Bxb4
15. Nd4 Nxe5 16. Qh5 O-O 17. Kd1 g6 18. Qh4 c5 19. Bh6 Qd8 20. Qg3 Bxd2 21.
Bxd2 Nc4 22. Bg5 Qa5 23. Nb3 Qxa4 24. Be7 Rfb8 0-1

[Event "LLHH 2122 FC St. Pauli III - FC St. Pau"]
[Site "?"]
[Date "2021.10.31"]
[Round "1.3"]
[White "Breyther, Ruediger"]
[Black "Kluth, Carsten"]
[Result "1/2-1/2"]
[WhiteElo "2250"]
[BlackElo "2126"]
[PlyCount "37"]
[EventDate "2021.??.??"]

1. e4 c5 2. Nf3 a6 3. c3 d5 4. exd5 Qxd5 5. d4 e6 6. Be3 cxd4 7. cxd4 Nf6 8.
Nc3 Qd6 9. Bd3 Nc6 10. O-O Nb4 11. Bb1 Be7 12. Ne5 O-O 13. Qf3 Nbd5 14. Ne4
Nxe4 15. Bxe4 f5 16. Bxd5 Qxd5 17. Qxd5 exd5 18. f4 Be6 19. Rac1 1/2-1/2

[Event "LLHH 2122 FC St. Pauli III - FC St. Pau"]
[Site "?"]
[Date "2021.10.31"]
[Round "1.4"]
[White "Grote, Dirk"]
[Black "Mitscherling, Andreas"]
[Result "1/2-1/2"]
[WhiteElo "2066"]
[BlackElo "2200"]
[PlyCount "38"]
[EventDate "2021.??.??"]

1. d4 d6 2. Nf3 f5 3. c4 Nf6 4. g3 g6 5. Bg2 Bg7 6. O-O O-O 7. Nc3 Nc6 8. d5
Ne5 9. Qb3 Nxf3+ 10. exf3 e5 11. dxe6 Bxe6 12. Qxb7 Bxc4 13. Re1 Qc8 14. Qc6
Qa6 15. f4 Rab8 16. Nd5 Qxc6 17. Ne7+ Kf7 18. Nxc6 Rbc8 19. Be3 a6 1/2-1/2

[Event "LLHH 2122 FC St. Pauli III - FC St. Pau"]
[Site "?"]
[Date "2021.10.31"]
[Round "1.5"]
[White "zur Lage, Julian"]
[Black "Goepfert, Jakob"]
[Result "1/2-1/2"]
[WhiteElo "2161"]
[BlackElo "2098"]
[PlyCount "52"]
[EventDate "2021.??.??"]

1. d4 Nf6 2. Nf3 g6 3. c4 c5 4. d5 b5 5. Qc2 Bg7 6. e4 d6 7. Be2 O-O 8. O-O
bxc4 9. Nbd2 Ba6 10. Bxc4 Qa5 11. a3 Nbd7 12. Rb1 Ng4 13. b4 cxb4 14. axb4 Qc7
15. Qa2 Bxc4 16. Nxc4 Rfc8 17. Na5 Qc2 18. Qxc2 Rxc2 19. Nc6 Re2 20. Nxe7+ Kf8
21. Nc6 Rxe4 22. Ng5 Re2 23. Bf4 Be5 24. Bxe5 Ndxe5 25. Nxh7+ Kg7 26. h3 Nxc6
1/2-1/2

[Event "LLHH 2122 FC St. Pauli III - FC St. Pau"]
[Site "?"]
[Date "2021.10.31"]
[Round "1.6"]
[White "Thieme, Daniel Otis"]
[Black "Priebe, Jan"]
[Result "0-1"]
[WhiteElo "2011"]
[BlackElo "2180"]
[PlyCount "52"]
[EventDate "2021.??.??"]

1. d4 Nf6 2. c4 g6 3. Nf3 Bg7 4. g3 O-O 5. Bg2 d6 6. O-O Nc6 7. b3 e5 8. dxe5
dxe5 9. Bb2 Qe7 10. Nc3 Rd8 11. Nd5 Nxd5 12. cxd5 e4 13. Nd2 Bxb2 14. Rb1 Bg7
15. dxc6 Bc3 16. Qc2 Bxd2 17. Bxe4 bxc6 18. Rbd1 Ba5 19. Rxd8+ Qxd8 20. Rd1 Qe7
21. Bxc6 Rb8 22. e4 Bg4 23. Rd5 Bb6 24. Qd2 Qf6 25. Ba4 Bf3 26. Qe1 Bxe4 0-1

[Event "LLHH 2122 FC St. Pauli III - FC St. Pau"]
[Site "?"]
[Date "2021.10.31"]
[Round "1.7"]
[White "Richter, Maik"]
[Black "David, Torsten"]
[Result "1/2-1/2"]
[WhiteElo "2172"]
[BlackElo "2071"]
[PlyCount "28"]
[EventDate "2021.??.??"]

1. e4 c5 2. Nc3 a6 3. g3 b5 4. Bg2 Bb7 5. Nge2 Nf6 6. Nd5 Nc6 7. Nxf6+ exf6 8.
O-O Bd6 9. c3 c4 10. d4 cxd3 11. Qxd3 Bc5 12. Nf4 O-O 13. Be3 Ne5 14. Qe2 Qb6
1/2-1/2

[Event "LLHH 2122 FC St. Pauli III - FC St. Pau"]
[Site "?"]
[Date "2021.10.31"]
[Round "1.8"]
[White "Hedayat-Nassab, Djamschid"]
[Black "Welsh, Michael"]
[Result "1/2-1/2"]
[WhiteElo "2087"]
[BlackElo "1987"]
[PlyCount "26"]
[EventDate "2021.??.??"]

1. d4 Nf6 2. Bf4 d5 3. e3 c5 4. Nf3 e6 5. Be2 Bd6 6. Ne5 Nc6 7. Nc3 a6 8. O-O
Qc7 9. Nd3 cxd4 10. Bxd6 Qxd6 11. exd4 Nxd4 12. Re1 O-O 13. Bf1 Re8 1/2-1/2

[Event "LLHH 2122 SK Marmstorf - SK Weisse Dame"]
[Site "?"]
[Date "2021.10.31"]
[Round "1.1"]
[White "Popist, Florian"]
[Black "Hebbinghaus, Holger"]
[Result "1/2-1/2"]
[WhiteElo "2124"]
[BlackElo "2298"]
[PlyCount "45"]
[EventDate "2021.??.??"]

1. e4 c6 2. d4 d5 3. exd5 cxd5 4. Bd3 Nc6 5. c3 Qc7 6. Ne2 Bg4 7. O-O e6 8. Qe1
Nf6 9. Bg5 Bxe2 10. Qxe2 Bd6 11. g3 h6 12. Be3 O-O 13. Nd2 e5 14. dxe5 Nxe5 15.
Nf3 Neg4 16. Bd4 Rfe8 17. Qc2 Ne5 18. Bxe5 Bxe5 19. Rfe1 Bd6 20. Nd4 a6 21. Bf1
Bc5 22. Rxe8+ Rxe8 23. Rd1 1/2-1/2

[Event "LLHH 2122 SK Marmstorf - SK Weisse Dame"]
[Site "?"]
[Date "2021.10.31"]
[Round "1.2"]
[White "Hawellek, Jeronimo"]
[Black "Schoeneshoefer, Adrian"]
[Result "1/2-1/2"]
[WhiteElo "2268"]
[BlackElo "1991"]
[PlyCount "67"]
[EventDate "2021.??.??"]

1. d4 Nf6 2. c4 g6 3. Nc3 Bg7 4. e4 d6 5. Bd3 O-O 6. Nge2 c6 7. h3 e5 8. d5 Na6
9. Be3 Nc7 10. Qd2 Bd7 11. Rd1 cxd5 12. cxd5 Nfe8 13. O-O f5 14. exf5 gxf5 15.
f4 e4 16. Bc2 Nf6 17. Nd4 Kh8 18. Bb3 Qe7 19. Kh2 Rfd8 20. Qf2 Qf7 21. Nde2 Qh5
22. Kg1 Nb5 23. Rd2 Rg8 24. Rc1 Nxc3 25. Nxc3 Bf8 26. Kf1 h6 27. a4 Rc8 28.
Rdc2 Qf7 29. Bd4 Bg7 30. Rd1 Rc7 31. Nb5 Bxb5+ 32. axb5 Rxc2 33. Qxc2 Nh5 34.
Qd2 1/2-1/2

[Event "LLHH 2122 SK Marmstorf - SK Weisse Dame"]
[Site "?"]
[Date "2021.10.31"]
[Round "1.3"]
[White "Mandelbaum, Peter-Rene"]
[Black "Mueller, Jan-Hendrik"]
[Result "1/2-1/2"]
[WhiteElo "2071"]
[BlackElo "2126"]
[PlyCount "36"]
[EventDate "2021.??.??"]

1. e4 e5 2. Nf3 Nf6 3. Nc3 Nc6 4. d4 exd4 5. Nxd4 Bb4 6. Nxc6 bxc6 7. Bd3 O-O
8. O-O d5 9. exd5 cxd5 10. Bg5 c6 11. Qf3 Re8 12. h3 Rb8 13. Na4 Bd6 14. c4 Be5
15. Rfe1 Ba6 16. Qf5 Bc8 17. Qf3 Ba6 18. Qf5 Bc8 1/2-1/2

[Event "LLHH 2122 SK Marmstorf - SK Weisse Dame"]
[Site "?"]
[Date "2021.10.31"]
[Round "1.4"]
[White "Diekmann, Jens"]
[Black "Lansky, Georg"]
[Result "0-1"]
[WhiteElo "2069"]
[BlackElo "1996"]
[PlyCount "60"]
[EventDate "2021.??.??"]

1. c4 e6 2. Nf3 d5 3. b3 Nf6 4. Bb2 Be7 5. g3 O-O 6. Bg2 Nbd7 7. O-O c5 8. e3
b6 9. Nc3 Bb7 10. d3 a6 11. Qe2 Qc7 12. Rac1 dxc4 13. bxc4 Rad8 14. Rfd1 Rfe8
15. d4 Ne4 16. Nxe4 Bxe4 17. Ne1 Bxg2 18. Nxg2 Bf6 19. Nf4 Qb7 20. Rc2 e5 21.
dxe5 Bxe5 22. Nd5 b5 23. f4 Bxb2 24. Rxb2 Nb6 25. e4 Nxd5 26. Qd3 bxc4 27. Qb1
Nb4 28. Rxd8 Rxd8 29. a3 c3 30. Re2 Qb5 0-1

[Event "LLHH 2122 SK Marmstorf - SK Weisse Dame"]
[Site "?"]
[Date "2021.10.31"]
[Round "1.5"]
[White "Schiele, Lars"]
[Black "Koenig, Friedrich Theodor"]
[Result "1-0"]
[WhiteElo "2059"]
[BlackElo "1901"]
[PlyCount "39"]
[EventDate "2021.??.??"]

1. d4 d5 2. c4 c6 3. Nf3 Nf6 4. Nc3 e6 5. Bg5 Nbd7 6. cxd5 exd5 7. e3 h6 8. Bh4
g5 9. Bg3 Nh5 10. Bd3 Nxg3 11. hxg3 Bg7 12. b4 Nb6 13. Qb3 Qd6 14. O-O Be6 15.
Rfc1 h5 16. Nxg5 h4 17. Nxe6 Qxe6 18. Ne2 Bh6 19. gxh4 Bxe3 20. Nf4 1-0

[Event "LLHH 2122 SK Marmstorf - SK Weisse Dame"]
[Site "?"]
[Date "2021.10.31"]
[Round "1.6"]
[White "Anderberg, Peter"]
[Black "Kuhle, Sebastian"]
[Result "1/2-1/2"]
[WhiteElo "2008"]
[BlackElo "2035"]
[PlyCount "40"]
[EventDate "2021.??.??"]

1. d4 Nf6 2. c4 e6 3. Nc3 Bb4 4. Qc2 O-O 5. Bg5 c5 6. dxc5 Na6 7. a3 Bxc3+ 8.
Qxc3 Nxc5 9. f3 Nfe4 10. Bxd8 Nxc3 11. Be7 Nb3 12. Bxf8 Kxf8 13. Rd1 Nxd1 14.
Kxd1 a5 15. e3 b6 16. Ne2 Ba6 17. Nc3 Rc8 18. Kc2 Na1+ 19. Kb1 Nb3 20. Kc2 Na1+
1/2-1/2

[Event "LLHH 2122 SK Marmstorf - SK Weisse Dame"]
[Site "?"]
[Date "2021.10.31"]
[Round "1.7"]
[White "Purniel Umpierre, Christian"]
[Black "Herlan, Klaus-Juergen"]
[Result "1/2-1/2"]
[WhiteElo "1998"]
[BlackElo "2018"]
[PlyCount "30"]
[EventDate "2021.??.??"]

1. e4 c5 2. Nf3 e6 3. d3 Nc6 4. g3 d5 5. Nbd2 Bd6 6. Bg2 Nge7 7. O-O O-O 8. Re1
f6 9. c3 d4 10. Nc4 e5 11. Nxd6 Qxd6 12. c4 Rb8 13. Rf1 Be6 14. Ne1 b5 15. b3
bxc4 1/2-1/2

[Event "LLHH 2122 SK Marmstorf - SK Weisse Dame"]
[Site "?"]
[Date "2021.10.31"]
[Round "1.8"]
[White "Undritz, Bjoern"]
[Black "Lam, Daniel"]
[Result "0-1"]
[WhiteElo "1923"]
[BlackElo "1907"]
[PlyCount "116"]
[EventDate "2021.??.??"]

1. e4 c5 2. Nc3 d6 3. Nf3 a6 4. d4 cxd4 5. Nxd4 Nf6 6. a4 e5 7. Nf3 Be6 8. Ng5
Be7 9. Nxe6 fxe6 10. Bc4 Qd7 11. Bg5 O-O 12. O-O Nc6 13. f4 Kh8 14. f5 exf5 15.
Bxf6 Bxf6 16. Nd5 Bd8 17. Qh5 g6 18. Qh3 Ne7 19. Qh6 Ba5 20. Kh1 Rac8 21. Bb3
Nxd5 22. Bxd5 f4 23. b4 Bb6 24. c4 Bd4 25. Ra3 Qg7 26. Qh3 Rc7 27. b5 a5 28.
Qg4 h5 29. Rh3 Qf6 30. Qf3 Rh7 31. g4 hxg4 32. Qxg4 b6 33. Rff3 Rd8 34. Rxh7+
Kxh7 35. Rh3+ Kg7 36. Qf3 Rf8 37. Kg2 Qg5+ 38. Kf1 Qg1+ 39. Ke2 Qc1 40. Qd3 Qg1
41. Qf3 Be3 42. Qf1 Qxf1+ 43. Kxf1 f3 44. Be6 Rf4 45. Bd5 g5 46. Be6 Rxe4 47.
Rxf3 Bf4 48. h3 Rd4 49. Ke1 Kf6 50. Bd5 e4 51. Ra3 Ke5 52. Ra2 Rd3 53. Re2 Be3
54. Ra2 Kd4 55. Rg2 Bf4 56. Re2 e3 57. Rg2 Ra3 58. Rg4 Kd3 0-1

[Event "LLHH 2122 SC Königsspringer II - Hambu"]
[Site "?"]
[Date "2021.10.31"]
[Round "1.1"]
[White "Engel, Robert"]
[Black "Harder, Clemens"]
[Result "1-0"]
[WhiteElo "2111"]
[BlackElo "2157"]
[PlyCount "91"]
[EventDate "2021.??.??"]

1. e4 e5 2. Bc4 Nf6 3. d3 Bc5 4. Nc3 d6 5. Na4 Bb4+ 6. c3 Ba5 7. b4 Bb6 8. Nxb6
axb6 9. Ne2 Qe7 10. O-O Be6 11. Qb3 c6 12. a4 b5 13. Bxe6 Qxe6 14. Qc2 O-O 15.
Be3 bxa4 16. Rxa4 Na6 17. Rfa1 Rac8 18. c4 Ng4 19. Bd2 f5 20. f3 Nf6 21. Ra5
Nd7 22. Rc1 f4 23. d4 g5 24. c5 d5 25. Re1 dxe4 26. Qxe4 Rfe8 27. b5 Nf6 28.
Qxe5 Qxe5 29. dxe5 Nxc5 30. exf6 Nd3 31. Kf1 Nxe1 32. Bxe1 h6 33. Ra7 Kf7 34.
Bc3 cxb5 35. Rxb7+ Ke6 36. Rxb5 Red8 37. Rb6+ Kd5 38. Rb7 Ke6 39. Re7+ Kf5 40.
g4+ fxg3 41. hxg3 h5 42. Be5 Kg6 43. Nd4 Rg8 44. Ne6 Kf5 45. f7 Kxe5 46. Nf8+
1-0

[Event "LLHH 2122 SC Königsspringer II - Hambu"]
[Site "?"]
[Date "2021.10.31"]
[Round "1.2"]
[White "Conrad, Christian"]
[Black "Doberitz, Paul"]
[Result "1/2-1/2"]
[WhiteElo "2091"]
[BlackElo "2156"]
[PlyCount "126"]
[EventDate "2021.??.??"]

1. d4 Nf6 2. Nf3 c5 3. d5 b5 4. c3 Bb7 5. e4 Nxe4 6. Bxb5 e6 7. dxe6 fxe6 8.
O-O Be7 9. Qe2 O-O 10. Bd3 Nf6 11. Nbd2 Qc7 12. Ne5 Nc6 13. Ndc4 Nxe5 14. Nxe5
Rae8 15. Bf4 d6 16. Ng4 e5 17. Bg3 Qc6 18. Ne3 a6 19. c4 g6 20. f3 Qd7 21. Rad1
Nh5 22. Be4 Nf4 23. Qc2 Kg7 24. Be1 Ne6 25. Bc3 Nd4 26. Bxd4 exd4 27. Ng4 Bxe4
28. Qxe4 Bg5 29. Qd5 Be3+ 30. Nxe3 Re5 31. Rxd4 Rxd5 32. Rxd5 Re8 33. Re1 Re5
34. Rd2 h5 35. Rde2 g5 36. Nd5 Rxe2 37. Rxe2 Qf5 38. b3 Qd3 39. Kf2 Qd4+ 40.
Kf1 a5 41. Nb6 Kf7 42. h3 Qf4 43. Re7+ Kf8 44. Re4 Qd2 45. Re2 Qd3 46. Kf2 Kf7
47. Re3 Qd4 48. Nd5 a4 49. Ne7 Qd2+ 50. Re2 Qd3 51. Re3 Qc2+ 52. Re2 axb3 53.
axb3 Qxb3 54. Re4 Qc2+ 55. Kf1 g4 56. hxg4 hxg4 57. Nf5 Qd2 58. Ng3 gxf3 59.
gxf3 d5 60. cxd5 c4 61. Ne2 Qd3 62. Kf2 Qxd5 63. Rf4+ Kg8 1/2-1/2

[Event "LLHH 2122 SC Königsspringer II - Hambu"]
[Site "?"]
[Date "2021.10.31"]
[Round "1.3"]
[White "Garner, Isaac"]
[Black "Wolter, Michael"]
[Result "1-0"]
[WhiteElo "2137"]
[BlackElo "2166"]
[PlyCount "59"]
[EventDate "2021.??.??"]

1. e4 e6 2. d4 d5 3. Nc3 Bb4 4. Qd3 dxe4 5. Qxe4 Nf6 6. Qh4 Nc6 7. Nf3 Nd5 8.
Qxd8+ Nxd8 9. Bd2 Nxc3 10. bxc3 Bd6 11. Bd3 h6 12. a4 b6 13. a5 Bb7 14. Ke2 O-O
15. c4 e5 16. Nxe5 Re8 17. f4 f6 18. Bg6 Re7 19. Kf2 fxe5 20. fxe5 Bxe5 21.
dxe5 Rxe5 22. a6 Bc6 23. Rhe1 Re6 24. Bh5 Rd6 25. Bb4 Rd4 26. g3 Rxc4 27. c3
Bd5 28. Re8+ Kh7 29. Rae1 g6 30. Bf3 1-0

[Event "LLHH 2122 SC Königsspringer II - Hambu"]
[Site "?"]
[Date "2021.10.31"]
[Round "1.4"]
[White "Cremer, Jochen"]
[Black "Foo, Tzun Hong"]
[Result "1-0"]
[WhiteElo "2104"]
[BlackElo "1874"]
[PlyCount "97"]
[EventDate "2021.??.??"]

1. c4 e5 2. g3 Nc6 3. Bg2 g6 4. Nc3 Bg7 5. e3 Nge7 6. Nge2 O-O 7. d3 d6 8. O-O
Be6 9. Nd5 Nf5 10. Rb1 Rb8 11. b4 Nce7 12. e4 Nh6 13. b5 Nxd5 14. cxd5 Bd7 15.
f3 c5 16. bxc6 bxc6 17. Rxb8 Qxb8 18. Be3 cxd5 19. Qd2 Qb5 20. Bxh6 Bxh6 21.
Qxh6 Qxd3 22. Rf2 d4 23. Bf1 Rc8 24. g4 Qd1 25. Ng3 Rc2 26. Qg5 Be6 27. Qd8+
Kg7 28. Rxc2 Qxc2 29. Qxd6 Qd2 30. Qxe5+ Kg8 31. Qb8+ Kg7 32. Qe5+ Kg8 33. Qb8+
Kg7 34. Qxa7 Qe3+ 35. Kg2 Qd2+ 36. Kh3 h5 37. Qa3 Qf2 38. Qd3 h4 39. Nh1 Qg1
40. Bg2 Bxa2 41. Qd2 Be6 42. Nf2 Qa1 43. Nd3 Qc3 44. Qxc3 dxc3 45. Kxh4 Bc4 46.
Nc1 Kf6 47. f4 Ke6 48. Kg3 Kd6 49. h4 1-0

[Event "LLHH 2122 SC Königsspringer II - Hambu"]
[Site "?"]
[Date "2021.10.31"]
[Round "1.5"]
[White "Klaas, Heiko"]
[Black "Moehrmann, Marcus"]
[Result "1-0"]
[WhiteElo "2043"]
[BlackElo "2054"]
[PlyCount "57"]
[EventDate "2021.??.??"]

1. e4 e5 2. Nf3 Nc6 3. Bc4 Nf6 4. d4 exd4 5. O-O Nxe4 6. Re1 d5 7. Bxd5 Qxd5 8.
Nc3 Qa5 9. Nxe4 Be7 10. Bg5 Bg4 11. Bxe7 Bxf3 12. gxf3 Nxe7 13. Ng3 Qc5 14. Qe2
Kf8 15. Rad1 h5 16. c3 h4 17. Ne4 Qf5 18. cxd4 Nd5 19. Qb5 Rh6 20. Qxb7 Rd8 21.
Qb3 Kg8 22. Kh1 Rb6 23. Qa3 Rxb2 24. Rg1 Rxa2 25. Qb3 Rb2 26. Qa3 Re2 27. Rg5
Qe6 28. Re5 Qh3 29. Ng5 1-0

[Event "LLHH 2122 SC Königsspringer II - Hambu"]
[Site "?"]
[Date "2021.10.31"]
[Round "1.6"]
[White "Schroeter, Baldur"]
[Black "Huo, Da"]
[Result "1/2-1/2"]
[WhiteElo "2017"]
[BlackElo "1878"]
[PlyCount "117"]
[EventDate "2021.??.??"]

1. e4 c5 2. c3 Nf6 3. e5 Nd5 4. d4 cxd4 5. cxd4 e6 6. Nf3 Nc6 7. a3 d6 8. Bd3
Be7 9. O-O O-O 10. Re1 h6 11. Qe2 f5 12. exf6 Nxf6 13. Nc3 a6 14. Bc4 d5 15.
Bd3 Bd6 16. Bb1 Bd7 17. Qd3 Ne7 18. Ne5 Be8 19. Qg3 Kh8 20. Qh3 Nf5 21. Ne2 Nh7
22. Qd3 Qf6 23. Nf4 g5 24. g4 Bb5 25. Qc2 gxf4 26. gxf5 Bxe5 27. dxe5 Qg5+ 28.
Kh1 Rg8 29. f3 Qh4 30. Rd1 Rac8 31. Qd2 Qh3 32. Qf2 Rg5 33. Bxf4 Rh5 34. f6 Ng5
35. Bxg5 Rxg5 36. Bd3 Bxd3 37. Rxd3 Rxe5 38. Qd4 Qf5 39. f7 Qf6 40. Rg1 Rf5 41.
Rg6 Qxd4 42. Rxd4 Rxf7 43. Rxh6+ Kg7 44. Rxe6 Rc1+ 45. Kg2 Rc2+ 46. Kg3 Rxb2
47. Rd3 Rb1 48. Rd6 Rg1+ 49. Kf2 Rb1 50. R6xd5 Rf6 51. Rd7+ Kg6 52. R7d6 Rxd6
53. Rxd6+ Kf5 54. Rd4 Rb3 55. Rb4 Rxa3 56. Rxb7 a5 57. h4 a4 58. Ra7 Ra1 59.
Ke3 1/2-1/2

[Event "LLHH 2122 SC Königsspringer II - Hambu"]
[Site "?"]
[Date "2021.10.31"]
[Round "1.7"]
[White "Fuhrmann, Bahne"]
[Black "Streich, Justus"]
[Result "1-0"]
[WhiteElo "1820"]
[BlackElo "1938"]
[PlyCount "83"]
[EventDate "2021.??.??"]

1. e4 e5 2. Nf3 Nc6 3. Bc4 Bc5 4. a4 Nf6 5. d3 O-O 6. c3 a5 7. O-O d6 8. Bg5 h6
9. Bh4 Bb6 10. Re1 Be6 11. Nbd2 Re8 12. Qb3 g5 13. Bg3 Nh5 14. Bxe6 fxe6 15.
Nc4 Ba7 16. Qxb7 Qd7 17. Qb3 Rf8 18. Ne3 Nxg3 19. hxg3 Kg7 20. Rad1 Rab8 21.
Qc2 d5 22. d4 exd4 23. cxd4 Rxf3 24. gxf3 Nxd4 25. Rxd4 Bxd4 26. exd5 Rf8 27.
Qe4 Bxe3 28. dxe6 Bxf2+ 29. Kxf2 Qe7 30. Qe5+ Kg8 31. Qxa5 h5 32. Re5 Kh7 33.
Rf5 Kg6 34. Rxf8 Qxf8 35. Qxc7 Qb4 36. Qc2+ Kh6 37. Qe2 h4 38. e7 hxg3+ 39.
Kxg3 Qb8+ 40. Kg2 Qe8 41. Qe4 Kg7 42. a5 1-0

[Event "LLHH 2122 SC Königsspringer II - Hambu"]
[Site "?"]
[Date "2021.10.31"]
[Round "1.8"]
[White "Goetz, Claus"]
[Black "Krueger, Arthur"]
[Result "1-0"]
[WhiteElo "1909"]
[BlackElo "1813"]
[PlyCount "97"]
[EventDate "2021.??.??"]

1. e4 e6 2. d3 d5 3. Nd2 Nf6 4. Ngf3 c5 5. g3 b6 6. Bg2 Bb7 7. O-O Be7 8. Re1
O-O 9. e5 Nfd7 10. Nf1 Nc6 11. h4 Re8 12. N1h2 f6 13. exf6 Bxf6 14. Ng5 Nde5
15. Bh3 Bc8 16. f4 Bxg5 17. hxg5 Nf7 18. Nf3 e5 19. f5 Nd6 20. g4 Bb7 21. g6
hxg6 22. Bg5 Qd7 23. Nh4 Nf7 24. Qd2 Nxg5 25. Qxg5 Qd8 26. Qxd8 Raxd8 27. fxg6
Nd4 28. Rf1 Nxc2 29. Rf7 Bc8 30. Rc1 Nd4 31. Rcf1 e4 32. dxe4 dxe4 33. Rxa7 Rd7
34. Rxd7 Bxd7 35. Rf7 Be6 36. Bf1 Bd5 37. Rd7 Bxa2 38. Ng2 Nf3+ 39. Kf2 Ne5 40.
Rb7 Nd3+ 41. Bxd3 exd3 42. Nf4 Bc4 43. Rd7 Kf8 44. Nh5 Re2+ 45. Kf3 Bb5 46.
Rxg7 d2 47. Rf7+ Ke8 48. Nf6+ Kd8 49. Rd7+ 1-0

[Event "LLHH 2122 Hamburger SK IV - Hamburger S"]
[Site "?"]
[Date "2021.10.31"]
[Round "1.1"]
[White "Schellhorn, Wolfgang"]
[Black "Weihrauch, Jakob"]
[Result "1-0"]
[WhiteElo "2116"]
[BlackElo "2114"]
[PlyCount "106"]
[EventDate "2021.??.??"]

1. e4 c5 2. Nf3 d6 3. d4 cxd4 4. Nxd4 Nf6 5. Nc3 a6 6. f4 e5 7. Nf3 Qc7 8. a4
Nbd7 9. Bd3 Be7 10. O-O O-O 11. Kh1 Nc5 12. Qe1 Re8 13. b4 Nxd3 14. cxd3 d5 15.
fxe5 Bxb4 16. Bd2 d4 17. Nb5 axb5 18. Bxb4 Ng4 19. Bd6 Qb6 20. Qb4 Qa5 21. Qxd4
bxa4 22. Ba3 Nh6 23. Qb4 Qxb4 24. Bxb4 f5 25. exf6 gxf6 26. Nd4 Ra6 27. Nb5 Rd8
28. Rac1 Bd7 29. Nc7 Rc6 30. Nd5 Rxc1 31. Rxc1 Bc6 32. Nxf6+ Kf7 33. Rf1 Kg6
34. Rf3 Nf7 35. Be7 Ra8 36. Rg3+ Ng5 37. Nd5 Bxd5 38. exd5 h6 39. h4 Kf7 40.
Ba3 Nh7 41. Rf3+ Nf6 42. g4 Kg6 43. h5+ Kf7 44. Rf5 Ra6 45. Kg2 Rb6 46. d6 Rb3
47. d7 Rxd3 48. Bb2 Ke7 49. Bxf6+ Kxd7 50. Bg7 a3 51. Ra5 Rd2+ 52. Kf3 a2 53.
Bxh6 b5 1-0